00333nam a2200121Ia 4500008004100000041000800041082001700049100002400066245004500090260003300135300003200168365001100200240624s9999 xx 000 0 und d aeng a658.3128 KOD aKODWANI AMITABH DEO aTRAINING EVALUATION AND ROI CONCEPTS AND c2004aHyderabadbICFAI press aviii, : 198 : p. : cm. ; 23 cRSb50